| 000 | 00515nam a2200169 i 4500 | ||
|---|---|---|---|
| 001 | 21676 | ||
| 003 | ES-MaACL | ||
| 005 | 20230906152526.0 | ||
| 007 | t| | ||
| 008 | 021127s1928 sp ||||1| spa d | ||
| 100 | 1 |
_aAlbiñana Sanz, José María, _d1883-1936 _919387 |
|
| 245 | 1 | 0 |
_aAventuras tropicales _b: (en busca del oro verde) / _cJosé María Albiñana Sanz. |
| 260 |
_aMadrid : _bEspasa-Calpe, _c1928. |
||
| 300 |
_a360 p. : _bil. ; _c21 cm. |
||
| 852 |
_aES-MaACL _jF-13464 |
||
| 999 |
_c21676 _d21676 |
||